名探偵コナン 人気投票 - Statistics

General Stats
  • This quiz has been taken 126 times
  • The average score is 10 of 30
Answer Stats
# キャラクター名 票数 % Correct
6 江戸川 コナン 2322票
98%
4 毛利 蘭 3604票
90%
3 灰原 哀 5903票
85%
7 工藤 新一 1465票
85%
1 赤井 秀一 9184票
73%
2 安室 透 6443票
73%
10 ジン 1027票
71%
5 怪盗キッド 2336票
59%
15 ベルモット 637票
54%
29 鈴木 園子 130票
51%
21 高木 渉 203票
41%
27 佐藤 美和子 167票
31%
23 京極 真 196票
27%
11 服部 平治 969票
25%
12 松田 陣平 951票
15%
14 羽田 秀吉 818票
15%
18 遠山 一葉 267票
15%
8 沖矢 昴 1234票
12%
9 世良 真澄 1130票
12%
19 メアリー 232票
12%
28 ジョディ スターリング 153票
12%
13 諸伏 景光 830票
8%
24 宮野 明美 192票
7%
22 諸伏 高明 199票
5%
16 榎本 梓 589票
3%
17 風見 裕也 306票
2%
20 白馬 探 224票
2%
30 綾小路 文麿 124票
2%
24 本堂 瑛佑 192票
0%
26 荻原 研二 183票
0%
No matching quizzes found
Score Distribution
Percent of People with Each Score
Percentile by Number Answered
Your Score History
You have not taken this quiz